000 00738nam a2200253Ia 4500
001 dia_3027
003 CHAP
005 20230310111407.0
008 220117s1991 xx 000 0 und d
010 _a173532
040 _cCHAP
082 _a697.92 J3
100 _aJennings Heinsohn, Robert
_9153916
245 _aIndustrial Ventilation: Engineering Principles /
_c by Robert Jennings Heinsohn
260 _aNew york, Wiley-Interscience Publication
_c1991
300 _a699P.
500 _aIncluye diskete
650 _a1.Ventilación
_9153917
650 _aHigiene industrial
_955333
901 _a697.92 J3
902 _aM
905 _a0000001991 NEWA 0000000000ING00
942 _cLIBRO
_2ddc
999 _c173532
_d173532